00357 a2200109 4500001001000000005001700010008004100027245004000068100002300108773009900131999001700230ART_1601620260410161851.0260409a 10aCrítica a la justicia profesional1 aBinder, Alberto M.0 tDerecho PenalgParticipación ciudadana en la justicia - Año I, Nº 3 (dic. 2012)wREV10351 c24992d24992